[Event "Open A"]
[Site "Panevezys"]
[Date "2008.08.12"]
[Round "1.1"]
[White "Solodovnichenko, Yuri"]
[Black "Milasevicius, Jonas"]
[Result "1-0"]
[WhiteElo "2541"]
[BlackElo "2019"]
[PlyCount "75"]
[EventDate "2008.08.12"]

1. e4 c5 2. Nf3 Nc6 3. d4 cxd4 4. Nxd4 g6 5. Nc3 Bg7 6. Be3 Nf6 7. Bc4 Qa5 8.
O-O d6 9. h3 O-O 10. Bb3 Bd7 11. Re1 Nxd4 12. Bxd4 Bc6 13. Qd3 e6 14. Rad1 Rfd8
15. Qf3 Ne8 16. Qg3 Bxd4 17. Rxd4 Qe5 18. Qe3 a6 19. Qd2 Rac8 20. Nd5 Kf8 21.
Nb6 Rb8 22. Nc4 Qc5 23. e5 d5 24. Ne3 h5 25. c4 Nc7 26. Rd1 Rd7 27. cxd5 exd5
28. Rf4 Re8 29. Nf5 gxf5 30. Rc1 Qe7 31. Rxf5 Qe6 32. Qg5 Nb5 33. Qxh5 Rdd8 34.
Rf6 Qd7 35. Rh6 Qc7 36. Qh4 Qxe5 37. Rh8+ Kg7 38. Qh6# 1-0

[Event "Open A"]
[Site "Panevezys"]
[Date "2008.08.12"]
[Round "1.2"]
[White "Beinoraite, Viktorija"]
[Black "Kveinys, Aloyzas"]
[Result "0-1"]
[WhiteElo "2012"]
[BlackElo "2527"]
[PlyCount "100"]
[EventDate "2008.08.12"]

1. d4 Nf6 2. c4 e6 3. Nf3 c5 4. Nc3 cxd4 5. Nxd4 a6 6. Bg5 Be7 7. e3 O-O 8. Bd3
d6 9. O-O Nbd7 10. Qe2 Ne5 11. Bc2 Bd7 12. Rac1 Rc8 13. Bb3 h6 14. Bh4 Ng6 15.
Bg3 e5 16. Nc2 Qa5 17. Rfd1 Be6 18. e4 h5 19. h3 h4 20. Bh2 Nd7 21. Ne3 Bg5 22.
Rxd6 Nc5 23. Rcd1 b5 24. cxb5 Nxb3 25. Rxa6 Nd4 26. Rxa5 Nxe2+ 27. Nxe2 Bxe3
28. fxe3 Rc2 29. Nc3 Rxb2 30. Nd5 Rc8 31. Bxe5 Nxe5 32. Ne7+ Kh7 33. Nxc8 Bxc8
34. b6 f6 35. Rd6 Nc4 36. Rc6 Nxa5 37. Rxc8 Rxb6 38. Rc5 Nc6 39. Rh5+ Kg6 40.
Rxh4 Rb1+ 41. Kh2 Re1 42. Rg4+ Kf7 43. e5 Nxe5 44. Re4 Ke6 45. Kg3 Re2 46. a4
g5 47. Rb4 Rxe3+ 48. Kf2 Ra3 49. Rb6+ Kf5 50. g4+ Kg6 0-1

[Event "Open A"]
[Site "Panevezys"]
[Date "2008.08.12"]
[Round "1.3"]
[White "Malisauskas, Vidmantas"]
[Black "Zebelis, Rimantas"]
[Result "1-0"]
[WhiteElo "2476"]
[BlackElo "1994"]
[PlyCount "67"]
[EventDate "2008.08.12"]

1. c4 e5 2. Nc3 Nc6 3. Nf3 Nf6 4. e3 d5 5. cxd5 Nxd5 6. Qc2 a6 7. a3 Be7 8.
Nxd5 Qxd5 9. Bc4 Qd6 10. b4 Be6 11. Bb2 O-O 12. O-O Rad8 13. Rac1 Bf6 14. h3
Rd7 15. e4 Bxc4 16. Qxc4 Rfd8 17. b5 axb5 18. Qxb5 Rb8 19. Rc5 Qd3 20. Rfc1
Qxb5 21. Rxb5 Nd4 22. Bxd4 exd4 23. a4 g6 24. a5 h6 25. g4 d3 26. Kg2 Kf8 27.
h4 Bd4 28. Nxd4 Rxd4 29. Rxc7 Rxe4 30. a6 b6 31. a7 Rd8 32. Rxb6 Rxg4+ 33. Kf3
Rdd4 34. a8=Q+ 1-0

[Event "Open A"]
[Site "Panevezys"]
[Date "2008.08.12"]
[Round "1.4"]
[White "Kuvsinov, Anatolij"]
[Black "Malinin, Yuri"]
[Result "1/2-1/2"]
[WhiteElo "1984"]
[BlackElo "2353"]
[PlyCount "76"]
[EventDate "2008.08.12"]

1. e4 c5 2. Nf3 d6 3. c3 Nf6 4. Bb5+ Bd7 5. Qe2 Bxb5 6. Qxb5+ Qd7 7. Qxd7+
Nbxd7 8. d3 c4 9. e5 dxe5 10. dxc4 e4 11. Nd4 Ne5 12. b3 Nd3+ 13. Ke2 Ng4 14.
Be3 Nxe3 15. fxe3 e5 16. Nb5 Kd7 17. Rf1 a6 18. Rxf7+ Be7 19. Nd2 axb5 20. Nxe4
bxc4 21. bxc4 Nb2 22. Rxg7 Ke6 23. c5 Rag8 24. Rg3 Rxg3 25. hxg3 Kd5 26. Nd2
Ra8 27. e4+ Ke6 28. Rh1 Rxa2 29. Rh6+ Bf6 30. Nf3 Na4+ 31. Ke3 Nxc5 32. Ng5+
Ke7 33. Rxh7+ Kf8 34. Rf7+ Kg8 35. Rxf6 Rc2 36. Rf5 Rxc3+ 37. Kd2 Rxg3 38. Rxe5
b6 1/2-1/2

[Event "Open A"]
[Site "Panevezys"]
[Date "2008.08.12"]
[Round "1.5"]
[White "Savickas, Airidas"]
[Black "Petuchovas, Robertas"]
[Result "1-0"]
[WhiteElo "2351"]
[BlackElo "1981"]
[PlyCount "99"]
[EventDate "2008.08.12"]

1. e4 e5 2. Nf3 Nf6 3. Nxe5 d6 4. Nf3 Nxe4 5. Nc3 Nxc3 6. dxc3 Nc6 7. Bf4 Be7
8. Qd2 Bg4 9. Be2 Qd7 10. h3 Bh5 11. O-O-O O-O-O 12. g4 Bg6 13. Bb5 a6 14. Ba4
Qe6 15. Bxc6 bxc6 16. Kb1 Rhe8 17. Rhe1 Qd7 18. Qd4 c5 19. Qd5 Kb8 20. Re3 Qa4
21. Rde1 Qxf4 22. Rxe7 Rxe7 23. Rxe7 Qa4 24. b3 Qb5 25. Ne5 Qb7 26. Qxb7+ Kxb7
27. Nxg6 fxg6 28. Rxg7 Rf8 29. Rxh7 Rxf2 30. c4 Rg2 31. Kc1 Kc6 32. Kd1 Kb6 33.
a3 Kc6 34. Rh6 Rg3 35. Ke2 g5 36. Rh5 Rc3 37. Rxg5 Rxh3 38. Rg7 Rc3 39. Kd2 Rg3
40. g5 Kb7 41. g6 Kc6 42. Ke2 Rg2+ 43. Ke3 Kb7 44. Ke4 Rxc2 45. Rf7 Rg2 46. g7
a5 47. a4 Kb6 48. Kf5 c6 49. Kf6 d5 50. Rf8 1-0

[Event "Open A"]
[Site "Panevezys"]
[Date "2008.08.12"]
[Round "1.6"]
[White "Kasela, Sten"]
[Black "Dambrauskas, Virginijus"]
[Result "0-1"]
[WhiteElo "1979"]
[BlackElo "2341"]
[PlyCount "86"]
[EventDate "2008.08.12"]

1. d4 d5 2. c4 e6 3. Nc3 c6 4. e3 f5 5. f4 Nf6 6. Nf3 Bd6 7. Bd3 O-O 8. O-O
Nbd7 9. c5 Be7 10. b4 b6 11. Qa4 b5 12. Qb3 a5 13. a4 axb4 14. Qxb4 Ne4 15. Bd2
Ndxc5 16. dxc5 Bxc5 17. Qb2 Qb6 18. Nd1 Nxd2 19. Qxd2 Rxa4 20. Rb1 Rxf4 21. Kh1
Ra4 22. Ne5 Bd6 23. Nxc6 Qxc6 24. Bxb5 Qb6 25. Nc3 Rh4 26. h3 Qd8 27. Ne2 Qf6
28. Nf4 g5 29. Nxd5 exd5 30. Qxd5+ Qe6 31. Rbd1 Qxd5 32. Rxd5 Be7 33. Bd3 f4
34. e4 Be6 35. Re5 Rh6 36. Be2 Rc8 37. Rb1 Rc5 38. Rxc5 Bxc5 39. Rb5 Be7 40.
Rb6 Kf7 41. Bg4 Bf8 42. Rb7+ Kg8 43. Be2 g4 0-1

[Event "Open A"]
[Site "Panevezys"]
[Date "2008.08.12"]
[Round "1.7"]
[White "Labuckas, Aidas"]
[Black "Tiuninas, Algirdas"]
[Result "1-0"]
[WhiteElo "2288"]
[BlackElo "1968"]
[PlyCount "73"]
[EventDate "2008.08.12"]

1. e4 c5 2. Nf3 Nc6 3. Bb5 g6 4. O-O Bg7 5. Re1 Nf6 6. e5 Nd5 7. Nc3 Nc7 8.
Bxc6 dxc6 9. Ne4 Ne6 10. d3 O-O 11. Be3 b6 12. Qd2 f5 13. exf6 exf6 14. Bh6 a5
15. Bxg7 Kxg7 16. a4 Ra7 17. b3 h6 18. Ng3 Re7 19. Re3 Rfe8 20. Rae1 Nd4 21.
Nxd4 cxd4 22. Rxe7+ Rxe7 23. h3 Qe8 24. Re4 c5 25. Qf4 f5 26. Rxe7+ Qxe7 27.
Qb8 Bb7 28. Kh2 h5 29. Nf1 Kf6 30. Nd2 Qe2 31. Nc4 Qxf2 32. Qxb7 h4 33. Qc7
Qxc2 34. Qxb6+ Kg5 35. Ne5 Kf4 36. Qe6 Ke3 37. Nf3+ 1-0

[Event "Open A"]
[Site "Panevezys"]
[Date "2008.08.12"]
[Round "1.8"]
[White "Apanaviciute, Kristina"]
[Black "Limontas, Martynas"]
[Result "0-1"]
[WhiteElo "1964"]
[BlackElo "2275"]
[PlyCount "98"]
[EventDate "2008.08.12"]

1. e4 Nf6 2. Nc3 e5 3. Bc4 Nxe4 4. Bxf7+ Kxf7 5. Nxe4 d5 6. Ng3 Nc6 7. d3 Be6
8. Nf3 h6 9. Bd2 Bd6 10. Qe2 Rf8 11. h4 Qf6 12. O-O-O Rae8 13. Kb1 Kg8 14. Qe1
Bg4 15. Rc1 Bxf3 16. gxf3 Nd4 17. Rd1 Nxf3 18. Qe2 Nxd2+ 19. Rxd2 Qf3 20. Qe1
Bb4 21. c3 Bd6 22. Rg1 Re7 23. Nf1 Rf4 24. Rg3 Qh1 25. Kc2 Ref7 26. Re3 Qxh4
27. Ree2 Qh1 28. Rd1 Qg1 29. Rdd2 c6 30. d4 e4 31. a3 h5 32. Kb3 Rf3 33. Ka2 h4
34. c4 h3 35. cxd5 cxd5 36. Qc1 h2 37. Qc8+ Bf8 38. Nxh2 Qxh2 39. Qe6 Qd6 40.
Qg4 Qb6 41. Rc2 Qb3+ 42. Ka1 e3 43. Qe6 Kh7 44. Rc1 exf2 45. Rh1+ Kg8 46. Rf1
R3f6 47. Qg4 Bxa3 48. Qc8+ Bf8 49. Re6 Qd3 0-1

[Event "Open A"]
[Site "Panevezys"]
[Date "2008.08.12"]
[Round "1.9"]
[White "Lasinskas, Povilas"]
[Black "Voroblievas, Arturas"]
[Result "1-0"]
[WhiteElo "2269"]
[BlackElo "1962"]
[PlyCount "125"]
[EventDate "2008.08.12"]

1. d4 Nf6 2. c4 e6 3. Nf3 d5 4. Bg5 Be7 5. e3 c6 6. Bd3 dxc4 7. Bxc4 Qa5+ 8.
Nbd2 Nbd7 9. O-O O-O 10. a3 Qd8 11. Qe2 Re8 12. Rfd1 Nd5 13. Bxe7 Qxe7 14. Rac1
N5b6 15. Ba2 e5 16. Ne4 h6 17. Ng3 e4 18. Nd2 Nf6 19. h3 Nbd5 20. Bb1 Bd7 21.
Ndxe4 Nxe4 22. Bxe4 Nf6 23. Bb1 Rad8 24. Qc2 g6 25. Qc5 Qxc5 26. dxc5 Be6 27.
Bc2 Kf8 28. Rxd8 Rxd8 29. Rd1 Rxd1+ 30. Bxd1 Bc4 31. Be2 Bb3 32. Bg4 Ke7 33.
Bc8 b6 34. cxb6 axb6 35. Ne2 c5 36. Bb7 Bc4 37. Nc3 Kd6 38. f4 Bd3 39. Kf2 h5
40. e4 Kc7 41. Bd5 Nxd5 42. Nxd5+ Kc6 43. Nf6 Kb5 44. g3 Ka4 45. Ke3 Bf1 46.
Nd7 Kb3 47. Nxb6 Kxb2 48. Na4+ Kxa3 49. Nxc5 Bxh3 50. Kd4 Kb4 51. Nb7 Bc8 52.
Nd6 Be6 53. Ke5 Kc3 54. Kf6 Kd4 55. Nxf7 Bg4 56. e5 Kd5 57. Nh8 Ke4 58. Nxg6
Kf3 59. f5 Kxg3 60. e6 h4 61. e7 Bh5 62. Kg7 Kg4 63. f6 1-0

[Event "Open A"]
[Site "Panevezys"]
[Date "2008.08.12"]
[Round "1.10"]
[White "Janusaitis, Mindaugas"]
[Black "Rogule, Laura"]
[Result "0-1"]
[WhiteElo "1939"]
[BlackElo "2265"]
[PlyCount "72"]
[EventDate "2008.08.12"]

1. e4 c5 2. f4 Nc6 3. Nf3 g6 4. c3 d5 5. e5 Bg4 6. Bb5 Qb6 7. Bxc6+ Qxc6 8. O-O
h5 9. h3 Bf5 10. d4 b6 11. Be3 e6 12. Nbd2 Nh6 13. Rc1 c4 14. b4 a5 15. a3 Be7
16. Ra1 O-O 17. Nh2 Bd3 18. Re1 Bh4 19. Bf2 Bxf2+ 20. Kxf2 axb4 21. axb4 Rxa1
22. Qxa1 Ra8 23. b5 Qe8 24. Qb2 Ra5 25. Ra1 Qxb5 26. Qxb5 Rxb5 27. g4 Rb2 28.
Ke1 Rc2 29. Ra3 Rc1+ 30. Kf2 b5 31. f5 gxf5 32. g5 Ng4+ 33. hxg4 hxg4 34. g6
fxg6 35. Ra6 Rc2 36. Ke1 g3 0-1

[Event "Open A"]
[Site "Panevezys"]
[Date "2008.08.12"]
[Round "1.11"]
[White "Godlauskas, Kazys"]
[Black "Batkovskyte, Dominyka"]
[Result "1/2-1/2"]
[WhiteElo "2262"]
[BlackElo "1934"]
[PlyCount "67"]
[EventDate "2008.08.12"]

1. e4 e6 2. d4 d5 3. Nc3 Nf6 4. Bg5 Be7 5. e5 Nfd7 6. Bxe7 Qxe7 7. f4 a6 8. Nf3
c5 9. Qd2 Nc6 10. dxc5 Nxc5 11. Bd3 f6 12. exf6 Qxf6 13. O-O O-O 14. g3 Rd8 15.
Rae1 Nxd3 16. cxd3 Bd7 17. Ne5 Rac8 18. Qf2 Be8 19. Qb6 Qe7 20. f5 d4 21. Nd1
Rd5 22. Nxc6 Rxc6 23. Qb3 Rb5 24. Qa4 Rd5 25. fxe6 Rxe6 26. Rxe6 Qxe6 27. Qb4
h6 28. Qxb7 Re5 29. Nf2 Re2 30. Ne4 Qh3 31. Qd5+ Kh7 32. Qf5+ Qxf5 33. Rxf5 Bb5
34. Nc5 1/2-1/2

[Event "Open A"]
[Site "Panevezys"]
[Date "2008.08.12"]
[Round "1.12"]
[White "Barsciauskas, Gintautas"]
[Black "Kalvaitis, Sigitas"]
[Result "1/2-1/2"]
[WhiteElo "1920"]
[BlackElo "2256"]
[PlyCount "103"]
[EventDate "2008.08.12"]

1. d3 d5 2. Nd2 e5 3. e4 Nf6 4. Be2 Nc6 5. c3 dxe4 6. dxe4 Bc5 7. Ngf3 Qe7 8.
b4 Bb6 9. O-O a6 10. Qc2 O-O 11. Nc4 Ba7 12. Be3 Bxe3 13. Nxe3 Be6 14. a4 Rfd8
15. Rfd1 Rxd1+ 16. Rxd1 Nd7 17. Nd5 Qd8 18. h3 Ne7 19. Bc4 c6 20. Ne3 Bxc4 21.
Nxc4 Qc7 22. Qd3 Nf6 23. Ncxe5 Ng6 24. Nxg6 hxg6 25. g3 Re8 26. Re1 Rd8 27. Qc4
Qd7 28. Kg2 Qd3 29. Ne5 Qxc4 30. Nxc4 Rd3 31. Na5 Rxc3 32. Nxb7 Rb3 33. Na5
Rxb4 34. e5 Rxa4 35. Nxc6 Ne4 36. Re2 Rc4 37. Na5 Rc5 38. Rxe4 Rxa5 39. e6 fxe6
40. Rxe6 Kf7 41. Rb6 Ra3 42. h4 a5 43. Ra6 a4 44. Kh3 Ra2 45. f3 a3 46. Kg4 Ra1
47. Kg5 a2 48. Ra7+ Kf8 49. Kxg6 Rg1 50. Ra8+ Ke7 51. Ra7+ Kf8 52. Ra8+ 1/2-1/2

[Event "Open A"]
[Site "Panevezys"]
[Date "2008.08.12"]
[Round "1.13"]
[White "Narmontas, Tauras"]
[Black "Bernotas, Arturs"]
[Result "1-0"]
[WhiteElo "2256"]
[BlackElo "1911"]
[PlyCount "111"]
[EventDate "2008.08.12"]

1. e4 c5 2. Nf3 d6 3. d4 cxd4 4. Qxd4 Nc6 5. Bb5 Bd7 6. Bxc6 bxc6 7. c4 Nf6 8.
Nc3 g6 9. O-O Bg7 10. Bg5 O-O 11. Qd2 Qb6 12. e5 dxe5 13. Bxf6 exf6 14. Qxd7
Rad8 15. Qe7 Qxb2 16. Ne4 f5 17. Nf6+ Bxf6 18. Qxf6 Rde8 19. Qxc6 e4 20. Ng5 h6
21. Nh3 Rc8 22. Qb5 Qd4 23. Nf4 Qxc4 24. Qxc4 Rxc4 25. Nd5 Rd8 26. Rfd1 Kg7 27.
Ne3 Rcd4 28. Rxd4 Rxd4 29. Rd1 Ra4 30. Rd2 f4 31. Nd5 g5 32. Kf1 f5 33. Ke1 Ra3
34. g3 fxg3 35. hxg3 Kg6 36. Ne3 Ra6 37. Nc4 Ra4 38. Rd6+ Kh5 39. Ne3 Ra5 40.
Rf6 Rxa2 41. Kf1 g4 42. Rxf5+ Kg6 43. Rf4 h5 44. Rxe4 Ra5 45. Re7 Kf6 46. Re8
Kf7 47. Re4 Kf6 48. Ke1 Kg5 49. Rd4 Ra1+ 50. Kd2 Kg6 51. Ke2 Ra2+ 52. Kf1 Kg5
53. Rd5+ Kg6 54. Rc5 Ra1+ 55. Kg2 Ra2 56. Nd5 1-0

[Event "Open A"]
[Site "Panevezys"]
[Date "2008.08.12"]
[Round "1.14"]
[White "Novikovas, Anatolijus"]
[Black "Klimciauskas, Domantas"]
[Result "0-1"]
[WhiteElo "1900"]
[BlackElo "2222"]
[PlyCount "50"]
[EventDate "2008.08.12"]

1. e4 c6 2. d4 d5 3. e5 Bf5 4. Nc3 e6 5. g4 Bg6 6. Nge2 Nd7 7. h4 h6 8. Nf4 Ne7
9. Be3 Bh7 10. h5 c5 11. Qe2 cxd4 12. Bxd4 Nc6 13. O-O-O Nxd4 14. Rxd4 Qb6 15.
Rd1 Rc8 16. Rh3 Bb4 17. Qb5 Qxf2 18. Nd3 Bxd3 19. Bxd3 Bxc3 20. bxc3 Qf4+ 21.
Kb1 a6 22. Qb2 Qxe5 23. Rf1 Qxc3 24. Qxc3 Rxc3 25. Rhf3 Rf8 0-1

[Event "Open A"]
[Site "Panevezys"]
[Date "2008.08.12"]
[Round "1.15"]
[White "Garnelis, Julius"]
[Black "Bazevicius, Albertas"]
[Result "1-0"]
[WhiteElo "2166"]
[BlackElo "1898"]
[PlyCount "65"]
[EventDate "2008.08.12"]

1. e4 e5 2. Nf3 Nf6 3. d4 Nxe4 4. Bd3 d5 5. Nxe5 Be7 6. O-O O-O 7. c4 c6 8.
cxd5 cxd5 9. Bxe4 dxe4 10. Nc3 Bf5 11. Re1 Bb4 12. Re3 Bxc3 13. bxc3 Nc6 14.
Nc4 Be6 15. Nd2 f5 16. Bb2 Qd7 17. f3 exf3 18. Qxf3 Bd5 19. Qh3 b5 20. Ba3 Rfe8
21. Nb3 Rxe3 22. Qxe3 Re8 23. Qf2 Bxb3 24. axb3 Qe6 25. Qf3 Qe3+ 26. Qxe3 Rxe3
27. d5 Ne5 28. Bc5 Re2 29. Bd4 f4 30. d6 Nc6 31. d7 Re6 32. Rxa7 Rd6 33. Ra6
1-0

[Event "Open A"]
[Site "Panevezys"]
[Date "2008.08.12"]
[Round "1.16"]
[White "Silkus, Algirdas"]
[Black "Rumiancev, Boris"]
[Result "0-1"]
[WhiteElo "1897"]
[BlackElo "2153"]
[PlyCount "126"]
[EventDate "2008.08.12"]

1. e4 e6 2. d4 d5 3. Nd2 Nf6 4. Bd3 c5 5. e5 Nfd7 6. c3 Nc6 7. Ne2 cxd4 8. cxd4
Qb6 9. Nf3 Bb4+ 10. Bd2 Bxd2+ 11. Qxd2 Qb4 12. Rc1 Qxd2+ 13. Nxd2 O-O 14. O-O
f5 15. f4 Nb6 16. Nb3 Nb4 17. Bb1 Nc4 18. a3 Nc6 19. Bd3 Nxb2 20. Bb5 a6 21.
Bxc6 bxc6 22. Rxc6 Bd7 23. Rc2 Nc4 24. Nc5 Ra7 25. Rc3 Rb8 26. Nxd7 Rxd7 27.
Nc1 Rdb7 28. Nd3 Rb1 29. Nc5 Kf7 30. Nxa6 Rxf1+ 31. Kxf1 Rb2 32. Nc5 Ra2 33. a4
Nd2+ 34. Ke1 Nc4 35. Nb7 Rxa4 36. Nd6+ Ke7 37. Nxc4 dxc4 38. Rg3 g6 39. Kd2 Kd7
40. Rh3 h5 41. Rg3 Kc6 42. Rxg6 Kd5 43. Rg8 Ra2+ 44. Kc3 Ra3+ 45. Kb2 Rb3+ 46.
Kc2 Kxd4 47. Rd8+ Ke4 48. g3 Ra3 49. Rd6 Ra2+ 50. Kc3 Rxh2 51. Rxe6 h4 52. Rg6
hxg3 53. Rxg3 Kxf4 54. Rg8 Kxe5 55. Kxc4 Rd2 56. Kc3 Rd7 57. Rg2 Ke4 58. Re2+
Kf3 59. Rh2 f4 60. Rh6 Kf2 61. Rh2+ Kg3 62. Rh6 f3 63. Rg6+ Kh3 0-1

[Event "Open A"]
[Site "Panevezys"]
[Date "2008.08.12"]
[Round "1.17"]
[White "Stalemekas, Ernestas"]
[Black "Pomaro, Stefano"]
[Result "1/2-1/2"]
[WhiteElo "2151"]
[BlackElo "1882"]
[PlyCount "63"]
[EventDate "2008.08.12"]

1. d4 f5 2. e4 fxe4 3. Nc3 Nf6 4. Bg5 Nc6 5. d5 Ne5 6. Qd4 Nf7 7. Nh3 Nxg5 8.
Nxg5 g6 9. Qc4 Bh6 10. d6 e6 11. dxc7 Qe7 12. Ngxe4 d5 13. Nxf6+ Qxf6 14. Qc5
Qe5+ 15. Be2 Bd7 16. O-O Bf8 17. Qe3 Bd6 18. Qh3 O-O 19. Bb5 Bxb5 20. Nxb5 Bc5
21. Kh1 Rxf2 22. Rxf2 Bxf2 23. Qf3 a6 24. Qxf2 axb5 25. Re1 Qxc7 26. Rxe6 Rf8
27. Rf6 Rxf6 28. Qxf6 Qxc2 29. Qd8+ Kg7 30. Qe7+ Kg8 31. Qe8+ Kg7 32. Qe7+
1/2-1/2

[Event "Open A"]
[Site "Panevezys"]
[Date "2008.08.12"]
[Round "1.18"]
[White "Kviliunas, Vladislovas"]
[Black "Narmontas, Raimondas"]
[Result "0-1"]
[WhiteElo "1877"]
[BlackElo "2148"]
[PlyCount "96"]
[EventDate "2008.08.12"]

1. d4 e6 2. Nf3 f5 3. c4 Nf6 4. g3 d5 5. cxd5 exd5 6. Bg2 Bd6 7. Bg5 O-O 8. Ne5
c6 9. O-O Qb6 10. Bxf6 gxf6 11. Nf3 Qxb2 12. Qd2 Qxd2 13. Nbxd2 a5 14. Bh3 f4
15. Bxc8 Rxc8 16. Nh4 Re8 17. Rfe1 Nd7 18. Nf5 Bb4 19. Rad1 Nb6 20. gxf4 Nc4
21. Nf3 Bxe1 22. Rxe1 b5 23. Kh1 Kf7 24. e3 b4 25. Rg1 a4 26. N3h4 Ke6 27. Ng7+
Kd6 28. Nxe8+ Rxe8 29. Rg7 Ke6 30. Rb7 a3 31. Rxb4 Ra8 32. Rb7 Ra5 33. Rxh7 Rb5
34. f5+ Kd6 35. Ng6 Rb2 36. Ne7 Nb6 37. Ng8 Nd7 38. Re7 Rxa2 39. Re6+ Kc7 40.
Ne7 Rc2 41. Nxd5+ cxd5 42. Ra6 a2 43. Kg2 Nb6 44. h4 Kb7 45. Ra3 Nc4 46. Ra4
Nxe3+ 47. Kf3 Nxf5 48. h5 Nxd4+ 0-1

[Event "Open A"]
[Site "Panevezys"]
[Date "2008.08.12"]
[Round "1.20"]
[White "Jankunas, Valentinas"]
[Black "Macenis, Audrius"]
[Result "0-1"]
[WhiteElo "1843"]
[BlackElo "2128"]
[PlyCount "78"]
[EventDate "2008.08.12"]

1. e4 e6 2. d4 d5 3. Nd2 Nf6 4. e5 Nfd7 5. Bd3 c5 6. c3 Nc6 7. Ne2 cxd4 8. cxd4
f6 9. exf6 Nxf6 10. O-O Bd6 11. Nf3 Qc7 12. Bg5 O-O 13. Bh4 e5 14. dxe5 Nxe5
15. Nxe5 Bxe5 16. Bg3 Bd7 17. Rc1 Bc6 18. Nd4 Bxg3 19. hxg3 Qb6 20. Qd2 Rae8
21. Rce1 Kh8 22. Ne6 Ne4 23. Bxe4 Rxe6 24. Bf3 Rg6 25. g4 Qc7 26. Qc3 Rgf6 27.
Qe5 Qd8 28. Rd1 Re8 29. Qg3 d4 30. Rfe1 Rxe1+ 31. Rxe1 Bxf3 32. gxf3 d3 33. Qe5
h6 34. Kg2 Rd6 35. Rd1 d2 36. Qe3 Rd4 37. Kg3 Qd6+ 38. Kg2 Qd5 39. a3 Rxg4+ 0-1

[Event "Open A"]
[Site "Panevezys"]
[Date "2008.08.12"]
[Round "1.21"]
[White "Gabrilavicius, Arunas"]
[Black "Ralys, Vincas"]
[Result "1-0"]
[WhiteElo "2123"]
[BlackElo "1841"]
[PlyCount "45"]
[EventDate "2008.08.12"]

1. e4 e5 2. Nc3 Nc6 3. Bc4 Nf6 4. d3 Bb4 5. Nge2 d5 6. exd5 Nxd5 7. O-O Nxc3 8.
Nxc3 Bxc3 9. bxc3 O-O 10. a4 Qf6 11. f4 Na5 12. Bd5 exf4 13. Rxf4 Qxc3 14. Be3
Qe5 15. Be4 Be6 16. d4 Qd6 17. d5 Rad8 18. Qh5 g6 19. Qh6 f5 20. Rh4 Rd7 21.
dxe6 Qxe6 22. Bd3 Nc6 23. Bc4 1-0

[Event "Open A"]
[Site "Panevezys"]
[Date "2008.08.12"]
[Round "1.22"]
[White "Klabis, Rokas"]
[Black "Lomonosovas, Vitalijus"]
[Result "0-1"]
[WhiteElo "1838"]
[BlackElo "2123"]
[PlyCount "86"]
[EventDate "2008.08.12"]

1. e4 d6 2. d4 Nd7 3. f4 e5 4. Nf3 exd4 5. Qxd4 Ngf6 6. Bd3 Be7 7. Nbd2 O-O 8.
Nb3 c5 9. Qe3 Ng4 10. Qe2 Re8 11. c4 f5 12. O-O fxe4 13. Bxe4 Ndf6 14. Bc2 d5
15. cxd5 Qxd5 16. Ne5 Bd6 17. Rd1 Qe6 18. Bd3 Nxe5 19. fxe5 Qxe5 20. Qxe5 Bxe5
21. Bc4+ Kh8 22. h3 b6 23. Bb5 Rf8 24. Re1 Bd6 25. Bc6 Rb8 26. Rd1 Bc7 27. Bg5
Bf5 28. Re1 Bd6 29. Rad1 Rbd8 30. g4 Bg6 31. Re6 Bh2+ 32. Kxh2 Rxd1 33. Re7 c4
34. Nd2 h6 35. Be3 Ng8 36. Rxa7 Rxd2+ 37. Bxd2 Rf2+ 38. Kg3 Rxd2 39. Ra8 Kh7
40. h4 Rxb2 41. Bd5 Nf6 42. Bxc4 Be4 43. g5 Bxa8 0-1

[Event "Open A"]
[Site "Panevezys"]
[Date "2008.08.12"]
[Round "1.23"]
[White "Grigaliunas, Sigitas"]
[Black "Aleksandravicius, Darius"]
[Result "1-0"]
[WhiteElo "2113"]
[BlackElo "1835"]
[PlyCount "103"]
[EventDate "2008.08.12"]

1. e4 c5 2. Nf3 d6 3. d4 cxd4 4. Nxd4 Nf6 5. Nc3 a6 6. Be2 g6 7. Be3 Bg7 8. Qd2
b5 9. f3 O-O 10. Bh6 b4 11. Nd1 Qb6 12. Be3 Qb7 13. Nf2 Be6 14. Nd3 Nc6 15.
Nxc6 Qxc6 16. Nxb4 Qb7 17. O-O a5 18. Nd3 Bc4 19. c3 Nd7 20. b3 Bxd3 21. Bxd3
a4 22. b4 Rfc8 23. Rac1 Ne5 24. Qe2 Nxd3 25. Qxd3 a3 26. Rc2 Rc7 27. Rb1 Rac8
28. c4 Bb2 29. Qb3 e5 30. Bc1 Qb6+ 31. Kh1 Bxc1 32. Rbxc1 Qd4 33. h3 h5 34. Qc3
Qa7 35. Qd3 Rc6 36. Rc3 Ra6 37. b5 Ra4 38. Qxd6 Qf2 39. R3c2 Qg3 40. Qd2 h4 41.
Rc3 Rb4 42. R3c2 Ra4 43. Kg1 Kg7 44. Qe3 Rb4 45. b6 Rb2 46. c5 Rc6 47. Rxb2
axb2 48. Rb1 f5 49. b7 f4 50. Qf2 Qxf2+ 51. Kxf2 Rxc5 52. Rxb2 1-0

[Event "Open A"]
[Site "Panevezys"]
[Date "2008.08.12"]
[Round "1.24"]
[White "Narva, Triin"]
[Black "Zemlickas, Arunas"]
[Result "1-0"]
[WhiteElo "1835"]
[BlackElo "2095"]
[PlyCount "81"]
[EventDate "2008.08.12"]

1. e4 c5 2. Nf3 Nc6 3. Bb5 a6 4. Bxc6 bxc6 5. O-O g6 6. c3 d5 7. Qa4 Qd7 8. Ne5
Qc7 9. d4 cxd4 10. cxd4 Bg7 11. Bf4 Qb7 12. Nd2 Bxe5 13. Bxe5 f6 14. Bf4 g5 15.
Be3 Nh6 16. e5 Ng4 17. exf6 exf6 18. Rae1 O-O 19. Qc2 Qc7 20. Nf3 c5 21. h3 Nh6
22. Rc1 c4 23. Rfe1 Bf5 24. Qc3 Be4 25. Nd2 Bg6 26. b3 Bf7 27. bxc4 dxc4 28.
Rc2 Nf5 29. Nxc4 Rac8 30. Rec1 Nxe3 31. Nxe3 Qxc3 32. Rxc3 Rcd8 33. Rc6 Rxd4
34. Rxa6 Bg6 35. Ng4 Rf4 36. a4 h5 37. Ne3 Be4 38. a5 Bd3 39. Rd6 Bg6 40. Nd5
Kg7 41. Nxf4 1-0

[Event "Open A"]
[Site "Panevezys"]
[Date "2008.08.12"]
[Round "1.25"]
[White "Kubilius, Jonas"]
[Black "Balcaite, Agne"]
[Result "0-1"]
[WhiteElo "2085"]
[BlackElo "1830"]
[PlyCount "68"]
[EventDate "2008.08.12"]

1. e4 c5 2. Nf3 Nc6 3. d4 cxd4 4. Nxd4 Nf6 5. f3 e5 6. Nb5 d6 7. c4 Be7 8. Bg5
a6 9. N5a3 Qb6 10. Bc1 Nh5 11. g3 f5 12. Nc3 O-O 13. Nd5 Qd8 14. exf5 Bxf5 15.
Be3 Nf6 16. Qd2 Nxd5 17. cxd5 Nd4 18. Bg2 Bg6 19. O-O Nf5 20. Bf2 Bf6 21. Rad1
Rc8 22. Qb4 b5 23. Rc1 Qe7 24. Rfe1 Qf7 25. g4 Rxc1 26. Rxc1 Nh4 27. Bxh4 Bxh4
28. Qxd6 Qf4 29. Qc5 e4 30. Rf1 e3 31. Qc1 e2 32. Qd2 exf1=R+ 33. Kxf1 Bd3+ 34.
Qxd3 Qc1+ 0-1

[Event "Open A"]
[Site "Panevezys"]
[Date "2008.08.12"]
[Round "1.26"]
[White "Kasperavicius, Jokubas"]
[Black "Vaitonis, Vytautas"]
[Result "1/2-1/2"]
[WhiteElo "1825"]
[BlackElo "2078"]
[PlyCount "49"]
[EventDate "2008.08.12"]

1. e4 c5 2. Nc3 Nc6 3. g3 g6 4. Bg2 Bg7 5. d3 d6 6. Be3 Rb8 7. Nge2 Nd4 8. O-O
e6 9. Qd2 Ne7 10. Nd1 Nxe2+ 11. Qxe2 O-O 12. f4 f5 13. c3 b6 14. Nf2 d5 15. e5
d4 16. Bc1 dxc3 17. bxc3 Bb7 18. Bd2 Bxg2 19. Kxg2 Qd5+ 20. Qf3 Rfd8 21. Rfd1
Nc6 22. c4 Qxf3+ 23. Kxf3 Rd7 24. Be3 Rbd8 25. Rab1 1/2-1/2

[Event "Open A"]
[Site "Panevezys"]
[Date "2008.08.13"]
[Round "2.3"]
[White "Narmontas, Raimondas"]
[Black "Malisauskas, Vidmantas"]
[Result "0-1"]
[WhiteElo "2148"]
[BlackElo "2476"]
[PlyCount "134"]
[EventDate "2008.08.12"]

1. e4 c6 2. d4 d5 3. e5 Bf5 4. Be3 e6 5. Nd2 Nd7 6. Ngf3 h6 7. Nb3 Ne7 8. Be2
Bh7 9. Qd2 Nf5 10. c3 Rc8 11. O-O Be7 12. Bf4 O-O 13. h3 c5 14. dxc5 Nxc5 15.
Nxc5 Bxc5 16. Bd3 Nh4 17. Bxh7+ Kxh7 18. Nxh4 Qxh4 19. Be3 b6 20. Qd3+ Kg8 21.
Rad1 Bxe3 22. Qxe3 Rc4 23. Rfe1 Rfc8 24. f3 g5 25. Re2 Kg7 26. Kh2 Qf4+ 27.
Qxf4 gxf4 28. g4 b5 29. h4 a5 30. Kh3 b4 31. cxb4 axb4 32. Rd3 Rc1 33. h5 R8c4
34. Rb3 Ra1 35. a3 bxa3 36. Rxa3 Rxa3 37. bxa3 Rc3 38. Ra2 Rxf3+ 39. Kh2 Rc3
40. a4 Rc6 41. a5 Ra6 42. Ra4 f6 43. exf6+ Kf7 44. Rxf4 Rxa5 45. Kg3 Rc5 46.
Rf1 Rc4 47. Rf2 Rc3+ 48. Kh4 Re3 49. Rf4 Re5 50. Kg3 Re3+ 51. Kh4 Re1 52. Kg3
e5 53. Ra4 d4 54. Ra7+ Kxf6 55. Ra6+ Ke7 56. Kf2 Re4 57. Kf3 Rf4+ 58. Ke2 e4
59. Rxh6 e3 60. Kd3 Rf2 61. Rh7+ Kd6 62. Rh8 Rd2+ 63. Kc4 Ke7 64. h6 e2 65. h7
e1=Q 66. Re8+ Kxe8 67. h8=Q+ Kd7 0-1

[Event "Open A"]
[Site "Panevezys"]
[Date "2008.08.13"]
[Round "2.5"]
[White "Dambrauskas, Virginijus"]
[Black "Gabrilavicius, Arunas"]
[Result "1-0"]
[WhiteElo "2341"]
[BlackElo "2123"]
[PlyCount "39"]
[EventDate "2008.08.12"]

1. d4 Nf6 2. c4 e6 3. Nf3 d5 4. Bg5 Bb4+ 5. Nbd2 dxc4 6. a3 Bxd2+ 7. Qxd2 b5 8.
e3 Qd5 9. Bf4 c6 10. Be2 O-O 11. Ng5 Qd7 12. Qc2 h6 13. h4 Bb7 14. Be5 Rd8 15.
Bxf6 gxf6 16. Qh7+ Kf8 17. Qxh6+ Ke7 18. Ne4 f5 19. Qf6+ Kf8 20. Nc5 1-0